پاکستان انقلاب کے دہا نےپر (Record no. 553794)
[ view plain ]
| 000 -LEADER | |
|---|---|
| fixed length control field | 00386nam a22001337a 4500 |
| 020 ## - INTERNATIONAL STANDARD BOOK NUMBER | |
| International Standard Book Number | 0-19-579042-1 |
| 082 ## - DEWEY DECIMAL CLASSIFICATION NUMBER | |
| Classification number | 324.22 |
| Author Mark | ROI |
| -- | N-01,P48 |
| 100 ## - MAIN ENTRY--PERSONAL NAME | |
| Personal name | Roidad Khan |
| 9 (RLIN) | 51051 |
| 245 ## - TITLE STATEMENT | |
| Title | پاکستان انقلاب کے دہا نےپر |
| 260 ## - PUBLICATION, DISTRIBUTION, ETC. | |
| Place of publication, distribution, etc. | Karachi, |
| Name of publisher, distributor, etc. | Oxford University Press, |
| Date of publication, distribution, etc. | 1998. |
| 300 ## - PHYSICAL DESCRIPTION | |
| Extent | 321p. |
| Dimensions | 22cm. |
| 526 ## - STUDY PROGRAM INFORMATION NOTE | |
| Program name | 0 |
| Interest level | 0 |
| Reading level | 0 |
| Title point value | 324_220000000000000_ROI |
| 942 ## - ADDED ENTRY ELEMENTS (KOHA) | |
| Source of classification or shelving scheme | |
| Koha item type | Book |
| Withdrawn status | Lost status | Source of classification or shelving scheme | Damaged status | Not for loan | Permanent Location | Current Location | Date acquired | Total Checkouts | Full call number | Barcode | Date last seen | Date last checked out | Price effective from | Koha item type |
|---|---|---|---|---|---|---|---|---|---|---|---|---|---|---|
| Military College of Engineering (MCE) | Military College of Engineering (MCE) | 03/21/2017 | 3 | 324.22 ROI | MCE-44664 | 08/31/2020 | 02/20/2020 | 03/21/2017 | Book |
